| 000 | 00770nam a2200241 a 4500 | ||
|---|---|---|---|
| 001 | 63017 | ||
| 003 | BD-RjUL | ||
| 005 | 20211209081142.0 | ||
| 008 | 170128s1966 -fra b 000 0 eng d | ||
| 035 | _a(BD-RjUL)63145 | ||
| 040 |
_aBD-RjUL _dBD-RjUL _beng _cBD-RjUL |
||
| 041 | _aeng | ||
| 082 |
_223 _a842 _bCOP 1966 |
||
| 100 | 1 |
_aCorneille, Pierre, _d1606-1684. _9187466 |
|
| 245 | 1 | 0 |
_aPolyeucte : _b tragédie en 5 actes / _cPierre Corneille |
| 260 |
_aParis : _b Didier, _cc1966. |
||
| 300 |
_a111 p. : _b ill. ; _c21 cm. |
||
| 490 | 0 | _aClassiques de la civilisation française. | |
| 504 | _aIncludes bibliographical references (p. xxix). | ||
| 650 |
_aFrench drama. _9187467 |
||
| 830 |
_aClassiques de la civilisation française. _9187468 |
||
| 942 |
_2ddc _cBK |
||
| 999 |
_c63017 _d63017 |
||